Uslovija primenenija modeli upravlenija zapasami s deficitom i postojannymi štrafnymi sankcijami
Na minha lista:
| Autor principal: | |
|---|---|
| Outros Autores: | |
| Formato: | Capítulo de Livro |
| Idioma: | russo |
| Assuntos: | |
| Tags: |
Sem tags, seja o primeiro a adicionar uma tag!
|
MARC
| LEADER | 00000naa$a2200000$$$4500 | ||
|---|---|---|---|
| 001 | 0227082 | ||
| 005 | 20240523065508.5 | ||
| 041 | 0 | |a rus | |
| 044 | |a PL | ||
| 245 | 1 | 0 | |a Uslovija primenenija modeli upravlenija zapasami s deficitom i postojannymi štrafnymi sankcijami |c Aleksandr V. Nestorenko, Jana Péliová |
| 610 | 2 | 0 | |a modelovanie |
| 610 | 2 | 0 | |a modely ekonomicko-matematické |
| 610 | 2 | 0 | |a riadenie zásob |
| 100 | 1 | |a Nestorenko, Aleksandr V. | |
| 700 | 1 | |a Péliová, Jana, 1976- | |